LEADER 01277nam a2200313 a 4500 001 000000123372 003 CaOOAMICUS 005 20101014134743.0 008 101014t1999 it u000 u ita r 020 $a88-86568-92-4 040 $aPUL$bita 082 04$a794.8 100 1 $aAscione, Ciro.$0(OLS)http://pul/name/77669 245 10$aVideogames :$belogio del tempo sprecato /$cCiro Ascione ; introduzione di Alberto Abruzzese. 260 $aRoma :$bMinimum fax,$c©1999. 300 $a126 p. ;$c17 cm 490 1 $aFiligrana ;$v20 650 4$aGiochi.$0(OLS)http://pul/subject/19855 650 4$aTecnologia e societą.$0(OLS)http://pul/subject/27591 700 1 $aAbruzzese, Alberto.$0(OLS)http://pul/name/43353 830 0$aFiligrana ;$v20.$0(OLS)http://pul/title/155487 850 $aPUL 852 $aPUL$W1$xDP2 Cons. Gen., Altre Classi 3$y97$m794. 8 ASCCI 1$j141993$qDDC 21$B140961$CPULBib$Z2$F140961 $H114904 $81 941 1 $a9 996 $6020$a88-86568-92-4$9(OLS)http://pul/number/145637 996 $6082$a794.8$9(OLS)http://pul/classification/1689 996 $6245$aVideogames :$belogio del tempo sprecato$9(OLS)http://pul/title/155486 996 $6260$aRoma :$bMinimum fax$9(OLS)http://pul/publisher/81444 LEADER 01612nam a2200325 a 4500 001 000000132924 003 CaOOAMICUS 005 20130220134003.0 008 130220s2012 it u000 u ita r 020 $a978-88-348-3671-2 040 $aPUL$bita 082 04$a327.17 100 1 $aSpatafora, Ersiliagrazia.$0(OLS)http://pul/name/66551 245 10$aSviluppo e diritti umani nella cooperazione internazionale :$blezioni sulla cooperazione internazionale per lo sviluppo umano /$cErsiliagrazia Spatafora, Raffaele Cadin, Cristiana Carletti. 250 $a3. ed. 260 $aTorino :$bG. Giappichelli,$c©2012. 300 $aXXII, 367 p. ;$c24 cm. 650 4$aCooperazione internazionale.$0(OLS)http://pul/subject/14987 650 4$aDiritti umani$xTutela internazionale.$0(OLS)http://pul/subject/20165 650 4$aDiritti umani$xDiritto e legislazione.$0(OLS)http://pul/subject/18255 700 1 $aCarletti, Cristiana.$0(OLS)http://pul/name/64452 700 1 $aCadin, Raffaele.$0(OLS)http://pul/name/67956 850 $aPUL 852 $aPUL$W1$xSL Diritto e Scienze Sociali 3$y79$m327. 17 SPAER 2$j152855$qDDC 21$B152309$CPULBib$Z2$F152309 $H121740 $82 941 1 $a9 996 $6020$a978-88-348-3671-2$9(OLS)http://pul/number/151929 996 $6082$a327.17$9(OLS)http://pul/classification/420 996 $6245$aSviluppo e diritti umani nella cooperazione internazionale :$blezioni sulla cooperazione internazionale per lo sviluppo umano$9(OLS)http://pul/title/139334 996 $6260$aTorino :$bG. Giappichelli$9(OLS)http://pul/publisher/49130